00868nam a2200205Ia 4500008004100000020001800041100001600059245003500075260001300110500002400123650001600147700005500163942000700218952008400225952008400309952008400393952008400477952008400561999001700645230524s9999 xx 000 0 und d a9788181280732 aUwe Hansman 0aPrinciples of Mobile Computing bSpringer aQuantity Number: 5 aElectronics a" Lother Merk, Martin S. Nicklous & Thomas Stober" cBK 00104070aTATCLbTATCLcGENd2023-05-24l0p45584r2023-05-24w2023-05-24yBK 00104070aTATCLbTATCLcGENd2023-05-24l0p45585r2023-05-24w2023-05-24yBK 00104070aTATCLbTATCLcGENd2023-05-24l0p45586r2023-05-24w2023-05-24yBK 00104070aTATCLbTATCLcGENd2023-05-24l0p45587r2023-05-24w2023-05-24yBK 00104070aTATCLbTATCLcGENd2023-05-24l0p45588r2023-05-24w2023-05-24yBK c51156d51156